zpět

Detail výsledku týmu

S-bar PO, Kroměříž

Datum a čas kvízu

26 Celkem bodů Celkový počet nahraných bodů na tomto kvízu bez doplňovacích otázek.
2. Pořadí na kvízu Konečné umístění týmu na tomto kvízu.

Zaznamenané odpovědi

# Otázka Odpověď Body Výsledky
1. Ve středu se v Česku uskutečni... 0
2. Drobná africká monarchie slaví... 1
3. Ve čtvrtek začal 31. ročník fi... 0
4. Minulý týden oslavila kulaté 7... 1
5. Kuriózní scéna se odehrála v p... 1
6. Ve kterém městě (má asi 50 000... 0
7. Velký úspěch minulý rok zaznam... 0
8. Olga Sommerová je od roku 2014... 1
9. Režisérka Helena Třeštíková na... 1
10. Seřaďte tyto dokumenty podle j... 0